000 00427nam a22001577a 4500
005 20260204082535.0
008 260204b |||||||| |||| 00| 0 eng d
020 _a971 930750905
040 _cJHCSC
082 _a004.678
100 _910086
_aAntonio M. Andes Sr.
_eAuthor
245 _aSIMPLE INTERNET
_bFULLY ILLUSTRATED
260 _aVALENZUELA CITY
_bAndes Mountain Printers
_c2000
300 _avi,
942 _2ddc
_cBOOK
999 _c11326
_d11326